000 00530nam a2200229Ia 4500
003 OSt
005 20220912144329.0
006 a|||||r|||| 00| 0
007 ta
008 220909b |||||||| |||| 00| 0 eng d
020 _aSL01288881
024 _a196041
037 _cTextual
040 _aCSL
_beng
_cCSL
041 _aeng
082 _aLz3:(E), P1
100 _aMalcolm M
245 0 _aMedicinal chemistry
700 _aMalcolm M
942 _hLz3:(E), P1
_cTEXL
_2CC
999 _c5109
_d5109